| 000 | 00626nam a2200181 i 4500 | ||
|---|---|---|---|
| 001 | 102371 | ||
| 003 | ES-MaACL | ||
| 005 | 20231223063054.0 | ||
| 007 | t| | ||
| 008 | 051110s1968 sp ||||1| spa d | ||
| 100 | 1 |
_aMeneu Monleón, Pascual _980349 |
|
| 245 | 1 | 0 |
_aHacia una sociedad de tipo europeo _b: notas sobre el Congreso de Deuville / _cPascual Meneu. |
| 260 |
_aBarcelona : _b[s.n.], _c1968 ( _fImp. Altés) |
||
| 300 |
_a7 p. ; _c24 cm. |
||
| 500 | _aEs tirada aparte de "Revista Jurídica de Cataluña". Octubre/Diciembre, 1968. | ||
| 852 |
_aES-MaACL _j2094-F-15 _bR.91528 |
||
| 999 |
_c102371 _d102371 |
||